Removal Of Organic Material From Textile Wastewater Using Immobilized Adsorbents (Record no. 232942)
[ view plain ]
| 000 -LEADER | |
|---|---|
| fixed length control field | 00664nam a22002297a 4500 |
| 003 - CONTROL NUMBER IDENTIFIER | |
| control field | Nust |
| 005 - DATE AND TIME OF LATEST TRANSACTION | |
| control field | 20180625052741.0 |
| 008 - FIXED-LENGTH DATA ELEMENTS--GENERAL INFORMATION | |
| fixed length control field | 170227b xxu||||| |||| 00| 0 eng d |
| 038 ## - RECORD CONTENT LICENSOR | |
| Staff Name | 0 |
| 040 ## - CATALOGING SOURCE | |
| Transcribing agency | 0 |
| 050 ## - LIBRARY OF CONGRESS CALL NUMBER | |
| Classification number | 363.7 WAS |
| 082 ## - DEWEY DECIMAL CLASSIFICATION NUMBER | |
| Classification number | 363.7 WAS |
| 100 ## - MAIN ENTRY--PERSONAL NAME | |
| Personal name | Wasti,Ayesha |
| 9 (RLIN) | 11193 |
| 245 ## - TITLE STATEMENT | |
| Title | Removal Of Organic Material From Textile Wastewater Using Immobilized Adsorbents |
| Statement of responsibility, etc. | Ayesha Wasti |
| 260 ## - PUBLICATION, DISTRIBUTION, ETC. | |
| Place of publication, distribution, etc. | Islamabad |
| Name of publisher, distributor, etc. | IESE (SCEE) NUST |
| Date of publication, distribution, etc. | 2012. |
| 300 ## - PHYSICAL DESCRIPTION | |
| Extent | 67 p. |
| Other physical details | HB. |
| 440 ## - SERIES STATEMENT/ADDED ENTRY--TITLE | |
| Title | MS Environmental Science |
| 9 (RLIN) | 1724 |
| 500 ## - GENERAL NOTE | |
| General note | Thesis MS ES |
| 650 ## - SUBJECT ADDED ENTRY--TOPICAL TERM | |
| Topical term or geographic name entry element | Environmental Science |
| 9 (RLIN) | 1725 |
| 700 ## - ADDED ENTRY--PERSONAL NAME | |
| Relator code | Dr.M Ali Awan (Supervisor) |
| 942 ## - ADDED ENTRY ELEMENTS (KOHA) | |
| Source of classification or shelving scheme | |
| Koha item type | Thesis |
| Call number prefix | IESE |
| Withdrawn status | Lost status | Source of classification or shelving scheme | Damaged status | Not for loan | Collection code | Permanent Location | Current Location | Shelving location | Date acquired | Total Checkouts | Full call number | Barcode | Date last seen | Price effective from | Koha item type |
|---|---|---|---|---|---|---|---|---|---|---|---|---|---|---|---|
| Central Library (CL) | Central Library (CL) | Thesis | 03/16/2020 | 628.05 | CL-T-5450 | 03/16/2020 | 03/16/2020 | Thesis | |||||||
| Not For Loan | Institute of Environmental Science and Engineering (IESE) | Institute of Environmental Science and Engineering (IESE) | Thesis | 02/27/2017 | 363.7 WAS | IESE-T-123 | 02/27/2017 | 02/27/2017 | Thesis | ||||||
| Not For Loan | Institute of Environmental Science and Engineering (IESE) | Institute of Environmental Science and Engineering (IESE) | Thesis | 06/01/2017 | 363.7 WAS | IESE-T-432 | 06/01/2017 | 06/01/2017 | Thesis |
